| 000 | 00483nam a2200157 i 4500 | ||
|---|---|---|---|
| 001 | 57508 | ||
| 003 | ES-MaACL | ||
| 005 | 20230906163606.0 | ||
| 007 | t| | ||
| 008 | 031016s1955 sp ||||1| spa d | ||
| 100 | 1 |
_aDomingo Muro, Felipe. _945144 |
|
| 245 | 1 | 3 |
_aEl contribuyente ante la inspección en el arbitrio sobre la riqueza provincial / _cpor Felipe Domingo Muro. |
| 260 |
_aLogroño : _bOchoa, _c1955. |
||
| 300 |
_a22 p. ; _c14 cm. |
||
| 852 |
_aES-MaACL _j1979-F-1 _bR.28275 |
||
| 999 |
_c57508 _d57508 |
||